|
|
|
|
| LEADER |
02197nam a22004815i 4500 |
| 001 |
978-3-540-46845-5 |
| 003 |
DE-He213 |
| 005 |
20151204152303.0 |
| 007 |
cr nn 008mamaa |
| 008 |
100301s2006 gw | s |||| 0|eng d |
| 020 |
|
|
|a 9783540468455
|9 978-3-540-46845-5
|
| 024 |
7 |
|
|a 10.1007/11894100
|2 doi
|
| 040 |
|
|
|d GrThAP
|
| 050 |
|
4 |
|a QA76.6-76.66
|
| 072 |
|
7 |
|a UM
|2 bicssc
|
| 072 |
|
7 |
|a COM051000
|2 bisacsh
|
| 082 |
0 |
4 |
|a 005.11
|2 23
|
| 245 |
1 |
0 |
|a Central European Functional Programming School
|h [electronic resource] :
|b First Summer School, CEFP 2005, Budapest, Hungary, July 4-15, 2005, Revised Selected Lectures /
|c edited by Zoltán Horváth.
|
| 264 |
|
1 |
|a Berlin, Heidelberg :
|b Springer Berlin Heidelberg,
|c 2006.
|
| 300 |
|
|
|a VII, 257 p.
|b online resource.
|
| 336 |
|
|
|a text
|b txt
|2 rdacontent
|
| 337 |
|
|
|a computer
|b c
|2 rdamedia
|
| 338 |
|
|
|a online resource
|b cr
|2 rdacarrier
|
| 347 |
|
|
|a text file
|b PDF
|2 rda
|
| 490 |
1 |
|
|a Lecture Notes in Computer Science,
|x 0302-9743 ;
|v 4164
|
| 505 |
0 |
|
|a Generic Editors for the World Wide Web -- Fully Automatic Testing with Functions as Specifications -- Functional Array Programming in SaC -- Exploiting Purely Functional Programming to Obtain Bounded Resource Behaviour: The Hume Approach -- The Essence of Dataflow Programming -- Temporal Properties of Clean Programs Proven in Sparkle-T -- Tutorial on Subtype Marks -- Designing Distributed Computational Skeletons in D-Clean and D-Box.
|
| 650 |
|
0 |
|a Computer science.
|
| 650 |
|
0 |
|a Computer programming.
|
| 650 |
|
0 |
|a Software engineering.
|
| 650 |
|
0 |
|a Programming languages (Electronic computers).
|
| 650 |
1 |
4 |
|a Computer Science.
|
| 650 |
2 |
4 |
|a Programming Techniques.
|
| 650 |
2 |
4 |
|a Programming Languages, Compilers, Interpreters.
|
| 650 |
2 |
4 |
|a Software Engineering.
|
| 700 |
1 |
|
|a Horváth, Zoltán.
|e editor.
|
| 710 |
2 |
|
|a SpringerLink (Online service)
|
| 773 |
0 |
|
|t Springer eBooks
|
| 776 |
0 |
8 |
|i Printed edition:
|z 9783540468431
|
| 830 |
|
0 |
|a Lecture Notes in Computer Science,
|x 0302-9743 ;
|v 4164
|
| 856 |
4 |
0 |
|u http://dx.doi.org/10.1007/11894100
|z Full Text via HEAL-Link
|
| 912 |
|
|
|a ZDB-2-SCS
|
| 912 |
|
|
|a ZDB-2-LNC
|
| 950 |
|
|
|a Computer Science (Springer-11645)
|